Statistics for All countries that begin with M

Click here to take the quiz!

General Stats

  • This quiz has been taken 293 times
  • The average score is 10 of 19

Answer Stats

Answer% Correct
Mali
66%
Morocco
60%
Monaco
59%
Mongolia
59%
Mauritania
58%
Mexico
58%
Madagascar
56%
Malaysia
55%
Mauritius
53%
Moldova
53%
Montenegro
53%
Malta
52%
Malawi
50%
Maldives
50%
Myanmar
46%
Mozambique
45%
Macedonia
43%
Micronesia
35%
Marshall Islands
33%

Score Distribution

Percentile by Number Answered

Percent of People with Each Score

Your Score History

You have not taken this quiz